Z ďalších aktuálnych otázok právnej terminológie

Bibliographic Details
Main Author: Kabina, Imrich (Author)
Format: Article
Language:Slovak

MARC

LEADER 00000nab a22000007a 4500
001 vtls010673770
003 SK-MaSNL
005 20260304184856.0
008 250708s1964 xo |||||||||||||||||slo|
035 |a (urnnbn)urn:nbn:sk:snk:ar-a06j49 
035 |a (uuid)223c8944-3f7c-4288-84a9-80ddb3b59a91 
035 |a urn:nbn:sk:snk-ab19hl 
040 |a SNKBUCL  |b slo  |c SNKBUCL  |e AACR2 
041 0 |a slo 
044 |a xo  |c SK 
100 1 |a Kabina, Imrich  |4 aut  |9 579910 
245 1 0 |a Z ďalších aktuálnych otázok právnej terminológie  |c Imrich Kabina 
773 0 |t Československý terminologický časopis : orgán Československej ústrednej terminologickej komisie pri Prezídiu ČSAV  |g Roč. 3, č. 2 (1964), s. 76-86 
850 |a Slovenská národná knižnica 
852 |a Slovenská národná knižnica 
954 |a odborná, vedecká literatúra pôvodná (slovenská)  |2 lita 
958 |a article 
958 |a OND 
958 |a EUIPO 
999 |c 3040261  |d 3042191